| 000 | 00691nam a2200169 a 4500 | ||
|---|---|---|---|
| 008 | 060316s1980 ||||||||||||||||| || u | ||
| 020 | _a0070266832 | ||
| 050 | _aTK 7870 Han | ||
| 100 | _aHarper, Charles A | ||
| 245 | 1 | 0 |
_aHandbook of electronic systems design _cedited by Charles A. Harper |
| 260 |
_aNew York _bMcGraw-Hill _c1980 |
||
| 300 | _a663 p. in various pagings : ill. | ||
| 350 | _a0.00 | ||
| 500 | _aIncludes bibliographical references | ||
| 650 | _aELECTRONIC SYSTEMS--DESIGN AND CONSTRUCTION--HANDBOOKS, MANUALS, ETC | ||
| 995 |
_D0.00 _FCBU-MAIN LIBRARY (Kitwe) _H1 _I29.00 _UAVAILABLE _ZMain Library Open Access Collection |
||
| 999 |
_c45265 _d45265 |
||